000
00221nam a2200097Ia 4500
005
20251222154334.0
008
251222s9999||||xx |||||||||||||| ||spa||
082
_a
944.04/D16
245
0
_a
El siglo de Luis XIV
942
_c
LIB
999
_c
34279
_d
34279